Quantitative techniques for managerial decisions: (Record no. 753984)

MARC details
000 -LEADER
fixed length control field 00517nam a2200181 4500
020 ## - INTERNATIONAL STANDARD BOOK NUMBER
ISBN 9789360749477
082 ## - DEWEY DECIMAL CLASSIFICATION NUMBER
Classification number 658.403
Item number SRI.Q
084 ## - OTHER CLASSIFICATION NUMBER
Source of Number Colon Classification
100 ## - MAIN ENTRY--AUTHOR NAME
Personal name Srivastava,U K
100 ## - MAIN ENTRY--AUTHOR NAME
Personal name Shenoy,G V and Sharma,S C
245 ## - TITLE STATEMENT
Title Quantitative techniques for managerial decisions:
Sub Title for managerial decisions
250 ## - EDITION STATEMENT
Edition statement 4th ed.
260 ## - PUBLICATION, DISTRIBUTION, ETC. (IMPRINT)
Place of publication NewDelhi:
Name of publisher New Age International,
Year of publication 2025
300 ## - PHYSICAL DESCRIPTION
Number of Pages 934p.
650 ## - SUBJECT ADDED ENTRY--TOPICAL TERM
Topical Term Management
942 ## - ADDED ENTRY ELEMENTS (KOHA)
Source of classification or shelving scheme Dewey Decimal Classification
Koha item type Gift
Holdings
Withdrawn status Lost status Source of classification or shelving scheme Damaged status Not for loan Home Library Current Location Shelving location Date acquired Full call number Accession Number Price effective from Koha item type
    Dewey Decimal Classification     Campus Library Kariavattom Campus Library Kariavattom General Stacks 01/12/2025 658.403 SRI.Q UCLG1069 01/12/2025 Gift